[Event "FRA-ch Youth U16 2019"]
[Site "Hyeres"]
[Date "2019.04.15"]
[Round "3.1"]
[White "Lomandong, Marc-Antoine"]
[Black "Popov, Konstantin"]
[Result "1-0"]
[WhiteElo "2036"]
[BlackElo "2328"]
[Annotator "NA"]
[PlyCount "75"]
[EventDate "2019.04.14"]
[EventType "swiss"]
[EventCountry "FRA"]
[SourceTitle "playchess.com"]
[Source "ChessBase"]
[SourceQuality "1"]
[TimeControl "5400+30"]

1. d4 {[%emt 0:00:00]} Nf6 {[%emt 0:02:52]} 2. Nf3 {[%emt 0:00:00]} g6 {[%emt 0:00:31]} 3. b4 {[%emt 0:00:14]} Bg7 {[%emt 0:00:38]} 4. Bb2 {[%emt 0:00:07]} d5 {[%emt 0:01:19]} 5. Nbd2 {[%emt 0:01:29]} O-O {[%emt 0:00:16]} 6. g3 {[%emt 0:04:07]} b6 {[%emt 0:00:28]} 7. Bg2 {[%emt 0:00:05]} Bb7 {[%emt 0:00:09]} 8. O-O {[%emt 0:00:10]} Nbd7 {[%emt 0:00:14]} 9. c4 {[%emt 0:02:58]} e6 {[%emt 0:02:46]} 10. a4 {[%emt 0:12:25]} a5 {[%emt 0:07:20]} 11. b5 {[%emt 0:00:47]} c6 {[%emt 0:05:25]} 12. Qb3 {[%emt 0:04:20]} cxb5 {[%emt 0:01:11]} 13. axb5 {[%emt 0:00:21]} Rc8 {[%emt 0:01:54]} 14. Rac1 {[%emt 0:00:18]} Ne4 {[%emt 0:06:18]} 15. Nxe4 {[%emt 0:04:42]} dxe4 {[%emt 0:00:01]} 16. Nd2 {[%emt 0:00:17]} f5 {[%emt 0:00:09]} 17. e3 {[%emt 0:02:20]} Rf7 {[%emt 0:00:52]} 18. Rfd1 {[%emt 0:16:29]} Qe8 {[%emt 0:18:02]} 19. Nb1 $14 {[%emt 0:14:38]} e5 {[%emt 0:09:49]} 20. Nc3 {[%emt 0:08:58]} exd4 21. exd4 {[%emt 0:00:01]} f4 {[%emt 0:10:19]} 22. gxf4 {[%emt 0:06:17]} Kh8 {[%emt 0:01:35]} 23. Ne2 {[%emt 0:01:37]} Qe6 {[%emt 0:01:35]} 24. Bh3 {[%emt 0:03:03]} Qf6 {[%emt 0:02:10]} 25. c5 {[%emt 0:02:45]} a4 {[%emt 0:11:02]} 26. Qe6 {[%emt 0:04:30]} bxc5 {[%emt 0:14:27]} 27. dxc5 {[%emt 0:00:20]} Qxb2 {[%emt 0:01:19]} 28. Qxf7 {[%emt 0:01:10]} Rf8 {[%emt 0:00:38]} 29. Qc4 {[%emt 0:00:17]} Nxc5 {[%emt 0:00:31]} 30. Rc2 {[%emt 0:00:36]} Qb3 {[%emt 0:00:31]} 31. Qxb3 {[%emt 0:07:37]} Nxb3 {[%emt 0:00:05]} 32. Be6 {[%emt 0:00:06]} h5 {[%emt 0:00:58]} 33. Rc7 {[%emt 0:00:48]} Na5 {[%emt 0:00:30]} 34. Rdd7 {[%emt 0:00:21]} Re8 {[%emt 0:00:34]} 35. Ba2 {[%emt 0:03:17]} Nb3 {[%emt 0:00:23]} 36. Rxg7 {[%emt 0:00:00]} Bd5 {[%emt 0:00:13]} 37. Nc3 {[%emt 0:00:00]} Be6 {[%emt 0:00:11]} 38. Rge7 {[%emt 0:01:30]} 1-0

[Event "FRA-ch Youth U16 2019"]
[Site "Hyeres"]
[Date "2019.04.15"]
[Round "3.2"]
[White "Mas, Victor"]
[Black "Harutyunyan, Ruben"]
[Result "0-1"]
[WhiteElo "2032"]
[BlackElo "2310"]
[Annotator "NA"]
[PlyCount "70"]
[EventDate "2019.04.14"]
[EventType "swiss"]
[EventCountry "FRA"]
[SourceTitle "playchess.com"]
[Source "ChessBase"]
[SourceQuality "1"]
[TimeControl "5400+30"]

1. d4 {[%emt 0:00:00]} Nf6 {[%emt 0:00:00]} 2. Nf3 {[%emt 0:00:06]} d5 {[%emt 0:00:00]} 3. g3 {[%emt 0:00:08]} c5 {[%emt 0:00:00]} 4. Bg2 {[%emt 0:01:36]} cxd4 {[%emt 0:00:00]} 5. Nxd4 {[%emt 0:00:29]} e5 {[%emt 0:00:00]} 6. Nb3 {[%emt 0:00:08]} Be7 {[%emt 0:00:15]} 7. Bg5 {[%emt 0:02:29] D02: 1 d4 d5 2 Nf3 sidelines, including 2...Nf6 3 g3 and 2...Nf6 3 Bf4} Ng8 {[%emt 0:08:13]} (7... Nbd7 8. e3 h6 9. Bxf6 Nxf6 10. Nc3 Be6 11. Qd2 Rc8 12. a3 O-O 13. Rd1 e4 14. O-O Qb6 {0-1 (62) Vastrukhin,O (2401)-Bocharov,D (2598) Kazan 2014}) 8. Bxe7 {[%emt 0:02:20]} Nxe7 {[%emt 0:00:04]} 9. O-O $146 {[%emt 0:00:36]} ({Predecessor:} 9. e4 Be6 10. c3 b6 11. O-O Nbc6 12. Na3 a6 13. Nc2 O-O 14. Qe2 Qc7 {0-1 (45) Dezelic,D-Marevic,A (2020) Zagreb 2011}) 9... O-O {[%emt 0:00:12]} 10. Qd2 {[%emt 0:13:41]} Nbc6 {[%emt 0:05:26]} 11. Rd1 {[%emt 0:03:13]} Be6 {[%emt 0:00:19]} 12. Qe1 {[%emt 0:10:27]} Qb6 {[%emt 0:01:38]} 13. Nc3 {[%emt 0:06:40]} Rad8 {[%emt 0:00:48]} 14. Na4 {[%emt 0:03:33]} Qc7 {[%emt 0:01:11]} 15. Nac5 {[%emt 0:02:15]} Bc8 {[%emt 0:00:30]} 16. Rac1 {[%emt 0:04:55]} b6 {[%emt 0:01:54]} 17. Nd3 {[%emt 0:00:08]} Be6 {[%emt 0:02:03]} 18. c3 {[%emt 0:07:18]} a5 {[%emt 0:08:58]} 19. Nd2 {[%emt 0:05:26]} f5 $15 {[%emt 0:11:05]} 20. Nf1 {[%emt 0:08:08]} f4 {[%emt 0:05:34]} 21. Qd2 {[%emt 0:04:19]} Ng6 {[%emt 0:04:21]} 22. Ne1 {[%emt 0:04:26]} e4 {[%emt 0:01:49]} 23. Nc2 {[%emt 0:01:00]} Qf7 {[%emt 0:08:44]} 24. Nd4 {[%emt 0:02:41]} Nce5 {[%emt 0:04:10]} 25. Qe1 {[%emt 0:03:07]} Bc8 {[%emt 0:04:46]} 26. f3 {[%emt 0:01:51]} exf3 {[%emt 0:02:51]} 27. Nxf3 {[%emt 0:00:20]} Ng4 {[%emt 0:14:20]} 28. h3 {[%emt 0:00:19]} Nf6 {[%emt 0:00:24]} 29. Qf2 {[%emt 0:04:09]} Ne4 {[%emt 0:02:01]} 30. Qxb6 {[%emt 0:00:17]} fxg3 {[%emt 0:00:05]} 31. Qb5 {[%emt 0:01:40]} Nf4 {[%emt 0:01:19]} 32. Ne3 {[%emt 0:02:09]} Nd6 {[%emt 0:02:03]} 33. Qb3 {[%emt 0:00:50]} Nxe2+ {[%emt 0:02:22]} 34. Kf1 {[%emt 0:00:01]} Nxc1 {[%emt 0:00:41]} 35. Rxc1 {[%emt 0:00:00]} Bxh3 {[%emt 0:00:43]} 0-1

[Event "FRA-ch Youth U16 2019"]
[Site "Hyeres"]
[Date "2019.04.15"]
[Round "3.3"]
[White "Raclot, Leo"]
[Black "Zachary, Matheo"]
[Result "0-1"]
[WhiteElo "1961"]
[BlackElo "2281"]
[Annotator "NA"]
[PlyCount "106"]
[EventDate "2019.04.14"]
[EventType "swiss"]
[EventCountry "FRA"]
[SourceTitle "playchess.com"]
[Source "ChessBase"]
[SourceQuality "1"]
[TimeControl "5400+30"]

1. e4 {[%emt 0:00:00]} c5 {[%emt 0:00:00]} 2. Nc3 {[%emt 0:00:00]} Nc6 {[%emt 0:00:39]} 3. Bb5 {[%emt 0:00:00]} Nd4 {[%emt 0:01:11]} 4. Bc4 {[%emt 0:00:20]} Nf6 {[%emt 0:01:51]} (4... e6 5. Nge2 Ne7 6. Nxd4 cxd4 7. Ne2 Nc6 8. O-O a6 9. d3 d5 10. exd5 exd5 11. Bb3 Bd6 12. Nf4 Bxf4 13. Bxf4 O-O 14. Qf3 Be6 15. Rfe1 {1-0 (58) Cornette,M (2611)-Lenic,L (2662) chess.com INT 2018}) 5. d3 {[%emt 0:07:01]} e6 {[%emt 0:01:56]} 6. Nf3 {[%emt 0:05:13] B23: Closed Sicilian: Lines without g3} d6 {[%emt 0:00:35]} 7. Nxd4 {[%emt 0:02:47]} cxd4 {[%emt 0:00:12]} 8. Ne2 {[%emt 0:00:22]} e5 {[%emt 0:04:43]} 9. O-O {[%emt 0:00:57]} Be7 {[%emt 0:00:14]} 10. c3 {[%emt 0:06:39]} dxc3 {[%emt 0:01:54]} 11. Qb3 {[%emt 0:02:24]} O-O {[%emt 0:00:38]} 12. Nxc3 {[%emt 0:00:34]} Nd7 {[%emt 0:05:27]} 13. Be3 {[%emt 0:02:21]} Bg5 {[%emt 0:04:34]} 14. Nd5 $146 {[%emt 0:06:33]} Bxe3 {[%emt 0:02:08]} 15. fxe3 {[%emt 0:08:58]} Nc5 {[%emt 0:04:05]} 16. Qc2 {[%emt 0:01:02]} Be6 {[%emt 0:01:11]} 17. b4 {[%emt 0:05:44]} Nd7 {[%emt 0:01:47]} 18. Rac1 {[%emt 0:02:11]} a6 {[%emt 0:09:08]} 19. Qd2 {[%emt 0:10:13]} Rc8 $11 {[%emt 0:07:31]} 20. Bb3 {[%emt 0:01:00]} Rc6 {[%emt 0:04:31]} 21. Ba4 {[%emt 0:02:20]} Bxd5 {[%emt 0:01:12]} 22. exd5 {[%emt 0:00:28]} Rxc1 {[%emt 0:00:06]} 23. Rxc1 {[%emt 0:01:27]} Nf6 {[%emt 0:00:46]} 24. d4 {[%emt 0:04:37]} Qe7 {[%emt 0:02:52]} 25. Rd1 {[%emt 0:03:38]} Ng4 {[%emt 0:01:32]} 26. h3 {[%emt 0:01:06]} Nf6 {[%emt 0:02:26]} 27. dxe5 {[%emt 0:00:52]} Qxe5 {[%emt 0:00:42]} 28. Qd4 {[%emt 0:00:53]} Qe7 {[%emt 0:00:23]} 29. b5 {[%emt 0:01:03]} axb5 {[%emt 0:03:09]} 30. Bxb5 {[%emt 0:24:17]} Rc8 {[%emt 0:00:13]} 31. Bc4 {[%emt 0:00:00]} Ne4 {[%emt 0:02:30]} 32. Bd3 {[%emt 0:00:00]} Nc3 {[%emt 0:02:51]} 33. Rd2 {[%emt 0:00:00]} Rc5 {[%emt 0:03:51]} 34. e4 {[%emt 0:00:00]} Qh4 {[%emt 0:03:03]} 35. Qf2 {[%emt 0:00:00]} Qg5 {[%emt 0:00:23]} 36. Rc2 {[%emt 0:00:00]} Qe5 {[%emt 0:00:52]} 37. Qd2 {[%emt 0:00:00]} g6 {[%emt 0:01:11]} 38. Rb2 {[%emt 0:00:00]} Qd4+ {[%emt 0:03:13]} 39. Kh1 {[%emt 0:00:00]} b5 {[%emt 0:04:48]} 40. Rc2 {[%emt 0:00:00]} b4 {[%emt 0:00:13]} 41. Rb2 {[%emt 0:00:00]} Rc7 {[%emt 0:01:45]} 42. Rc2 {[%emt 0:00:31]} Kg7 {[%emt 0:01:00]} 43. Rb2 {[%emt 0:01:27]} Re7 {[%emt 0:00:14]} 44. Qg5 {[%emt 0:03:55]} Re5 {[%emt 0:01:27]} 45. Qd2 {[%emt 0:00:05]} Nxe4 {[%emt 0:01:21]} 46. Bxe4 {[%emt 0:01:26]} Rxe4 {[%emt 0:00:04]} 47. Kh2 {[%emt 0:00:31]} Qe5+ {[%emt 0:00:29]} 48. g3 {[%emt 0:00:13]} Re3 {[%emt 0:00:25]} 49. Qf2 {[%emt 0:00:07]} Rxg3 {[%emt 0:00:19]} 50. Qxg3 {[%emt 0:01:07]} Qxb2+ {[%emt 0:00:04]} 51. Kg1 {[%emt 0:00:10]} Qa1+ {[%emt 0:00:06]} 52. Kf2 {[%emt 0:00:07]} Qxa2+ {[%emt 0:00:02]} 53. Ke1 {[%emt 0:00:14]} Qxd5 {[%emt 0:00:11]} 0-1

[Event "FRA-ch Youth U16 2019"]
[Site "Hyeres"]
[Date "2019.04.15"]
[Round "3.4"]
[White "Defromont, Benjamin"]
[Black "Lardon, Quentin"]
[Result "1-0"]
[WhiteElo "2200"]
[BlackElo "1801"]
[Annotator "NA"]
[PlyCount "103"]
[EventDate "2019.04.14"]
[EventType "swiss"]
[EventCountry "FRA"]
[SourceTitle "playchess.com"]
[Source "ChessBase"]
[SourceQuality "1"]
[TimeControl "5400+30"]

1. e4 {[%emt 0:00:00]} c5 {[%emt 0:00:00]} 2. Nf3 {[%emt 0:00:00]} Nc6 {[%emt 0:00:02]} 3. Bb5 {[%emt 0:00:00]} d6 {[%emt 0:00:59]} 4. O-O {[%emt 0:00:00]} Bd7 {[%emt 0:00:43]} 5. Re1 {[%emt 0:00:30]} g6 {[%emt 0:00:24]} 6. c3 {[%emt 0:01:44]} Bg7 {[%emt 0:00:49]} 7. d4 {[%emt 0:00:14]} Ne5 {[%emt 0:08:32]} 8. Nxe5 {[%emt 0:06:37]} Bxb5 {[%emt 0:00:45]} 9. Qb3 {[%emt 0:03:10] Decoy} dxe5 {[%emt 0:06:45]} 10. Qxb5+ {[%emt 0:00:07]} Qd7 {[%emt 0:00:07]} 11. Qxd7+ {[%emt 0:00:15]} ({But not} 11. Qxc5 exd4 12. e5 d3 $14) 11... Kxd7 {[%emt 0:00:07]} 12. dxc5 {[%emt 0:00:10]} Nf6 {[%emt 0:02:53]} 13. f3 {[%emt 0:04:23]} Rhd8 {[%emt 0:00:39]} 14. Be3 {[%emt 0:01:43]} Ke8 {[%emt 0:07:34]} 15. Na3 {[%emt 0:05:37]} Nd7 {[%emt 0:03:40]} 16. Rad1 {[%emt 0:03:19]} Rdc8 {[%emt 0:00:37]} 17. Rd5 $14 {[%emt 0:21:46]} e6 {[%emt 0:01:33]} 18. Rd2 {[%emt 0:02:51]} Nxc5 {[%emt 0:03:37]} 19. Red1 {[%emt 0:01:34]} Bf8 {[%emt 0:03:29]} 20. Bg5 {[%emt 0:03:10]} Na4 {[%emt 0:03:56]} 21. Nb5 {[%emt 0:04:06]} Bc5+ {[%emt 0:01:45]} 22. Kf1 {[%emt 0:00:11]} Kf8 {[%emt 0:01:59]} 23. Bf6 {[%emt 0:09:38]} Nb6 {[%emt 0:04:01]} 24. b3 {[%emt 0:02:17]} Be7 {[%emt 0:08:55]} 25. Bxe7+ {[%emt 0:04:07]} Kxe7 {[%emt 0:00:16]} 26. c4 {[%emt 0:03:14]} a6 {[%emt 0:01:20]} 27. Nc3 {[%emt 0:04:19]} Rd8 {[%emt 0:01:13]} 28. c5 {[%emt 0:04:39]} Rxd2 {[%emt 0:00:42]} 29. Rxd2 {[%emt 0:01:29]} Nd7 {[%emt 0:00:14]} 30. Na4 {[%emt 0:00:05]} Rc8 {[%emt 0:00:13]} 31. Rxd7+ {[%emt 0:01:31]} Kxd7 {[%emt 0:00:15]} 32. Nb6+ {[%emt 0:00:03]} Kc7 {[%emt 0:00:18]} 33. Nxc8 {[%emt 0:00:05]} Kxc8 {[%emt 0:00:08]} 34. Ke2 {[%emt 0:00:05]} Kd7 {[%emt 0:01:25]} 35. Kd3 {[%emt 0:00:05]} Kc6 {[%emt 0:00:06]} 36. Kc4 {[%emt 0:00:03]} Kc7 {[%emt 0:02:17]} 37. a4 {[%emt 0:06:30]} Kc6 {[%emt 0:04:35]} 38. b4 {[%emt 0:07:17]} Kc7 {[%emt 0:00:10]} 39. b5 {[%emt 0:00:20]} a5 {[%emt 0:00:16]} 40. Kd3 {[%emt 0:02:46]} f6 {[%emt 0:01:41]} 41. Ke3 {[%emt 0:00:00]} Kd7 {[%emt 0:00:14]} 42. f4 {[%emt 0:00:25]} exf4+ {[%emt 0:01:17]} 43. Kxf4 {[%emt 0:00:01]} e5+ {[%emt 0:00:10]} 44. Ke3 {[%emt 0:00:58]} h6 {[%emt 0:00:11]} 45. g4 {[%emt 0:00:22]} Kc7 {[%emt 0:00:14]} 46. h3 {[%emt 0:00:13]} Kd7 {[%emt 0:00:05]} 47. Kd3 {[%emt 0:00:20]} Ke7 {[%emt 0:06:19]} 48. h4 {[%emt 0:00:44]} Kd7 {[%emt 0:00:59]} 49. h5 {[%emt 0:00:22]} g5 {[%emt 0:01:43]} 50. Kc4 {[%emt 0:00:11]} Ke6 {[%emt 0:00:13]} 51. b6 {[%emt 0:00:15]} Ke7 {[%emt 0:00:36]} 52. c6 {[%emt 0:02:09]} 1-0

[Event "FRA-ch Youth U16 2019"]
[Site "Hyeres"]
[Date "2019.04.16"]
[Round "4.1"]
[White "Harutyunyan, Ruben"]
[Black "Lomandong, Marc-Antoine"]
[Result "1-0"]
[WhiteElo "2310"]
[BlackElo "2036"]
[Annotator "NA"]
[PlyCount "61"]
[EventDate "2019.04.14"]
[EventType "swiss"]
[EventCountry "FRA"]
[SourceTitle "playchess.com"]
[Source "ChessBase"]
[SourceQuality "1"]
[TimeControl "5400+30"]

1. e4 {[%emt 0:00:00]} b6 {[%emt 0:00:18]} 2. d4 {[%emt 0:00:00]} Bb7 {[%emt 0:00:04]} 3. Nc3 {[%emt 0:00:00]} e6 {[%emt 0:00:10]} 4. Bd3 {[%emt 0:00:00]} Nf6 {[%emt 0:00:24]} 5. Nf3 {[%emt 0:03:26]} Bb4 {[%emt 0:01:19]} 6. e5 {[%emt 0:00:36]} Ne4 {[%emt 0:04:19]} 7. O-O {[%emt 0:00:41]} Nxc3 {[%emt 0:13:33]} 8. bxc3 {[%emt 0:00:04]} Bxc3 {[%emt 0:00:08]} 9. Rb1 {[%emt 0:00:13]} Nc6 {[%emt 0:10:26]} 10. Bg5 {[%emt 0:09:01]} f6 {[%emt 0:08:58]} 11. Bh4 {[%emt 0:14:18]} Qe7 {[%emt 0:03:32]} 12. Be4 {[%emt 0:26:20]} O-O-O {[%emt 0:11:20]} 13. Rb3 {[%emt 0:08:51]} Ba5 {[%emt 0:00:21]} 14. c4 {[%emt 0:07:38]} Qf7 {[%emt 0:11:33]} 15. d5 {[%emt 0:07:12]} Nb4 {[%emt 0:20:25]} 16. exf6 {[%emt 0:00:06]} gxf6 {[%emt 0:00:04]} 17. Qd4 {[%emt 0:00:48]} e5 {[%emt 0:00:58]} 18. Qe3 {[%emt 0:03:16]} Na6 {[%emt 0:01:32]} 19. Rb5 {[%emt 0:09:48]} Bb4 {[%emt 0:00:27]} 20. Rb1 {[%emt 0:00:56]} Bd6 {[%emt 0:00:05]} 21. Bf5 {[%emt 0:03:09]} Qh5 {[%emt 0:05:32]} 22. g4 {[%emt 0:00:34]} Qf7 {[%emt 0:00:01]} 23. Qh6 {[%emt 0:00:53]} Rdf8 {[%emt 0:00:25]} 24. Nd2 {[%emt 0:01:26]} Nc5 {[%emt 0:02:30]} 25. Nb3 {[%emt 0:00:03]} c6 {[%emt 0:01:32]} 26. Nxc5 Bxc5 {[%emt 0:00:01]} 27. Rxc5 {[%emt 0:00:47]} bxc5 {[%emt 0:00:02]} 28. Qe3 {[%emt 0:00:48]} h5 {[%emt 0:03:13]} 29. Qb3 {[%emt 0:00:16]} Kd8 {[%emt 0:00:39]} 30. Qxb7 {[%emt 0:00:05]} cxd5 {[%emt 0:00:08]} 31. Bxf6+ {[%emt 0:00:07]} 1-0

[Event "FRA-ch Youth U16 2019"]
[Site "Hyeres"]
[Date "2019.04.16"]
[Round "4.2"]
[White "Zachary, Matheo"]
[Black "Tercinet, Paul"]
[Result "1-0"]
[WhiteElo "2281"]
[BlackElo "1629"]
[Annotator "NA"]
[PlyCount "51"]
[EventDate "2019.04.14"]
[EventType "swiss"]
[EventCountry "FRA"]
[SourceTitle "playchess.com"]
[Source "ChessBase"]
[SourceQuality "1"]
[TimeControl "5400+30"]

1. e4 {[%emt 0:00:00]} e6 {[%emt 0:00:00]} 2. d4 {[%emt 0:00:00]} d5 {[%emt 0:00:00]} 3. Nd2 {[%emt 0:00:00]} Nf6 {[%emt 0:00:00]} 4. e5 {[%emt 0:00:00]} Nfd7 {[%emt 0:00:00]} 5. f4 {[%emt 0:00:00]} c5 {[%emt 0:00:22]} 6. Ngf3 {[%emt 0:00:00]} Nc6 {[%emt 0:04:53]} 7. Nb3 {[%emt 0:00:02]} cxd4 {[%emt 0:05:07]} 8. Nbxd4 {[%emt 0:00:09]} Qb6 {[%emt 0:15:31]} 9. c3 {[%emt 0:01:10]} Nc5 {[%emt 0:06:46]} 10. Be2 {[%emt 0:01:44]} Bd7 {[%emt 0:02:53]} 11. O-O {[%emt 0:04:43]} Rc8 {[%emt 0:02:44]} 12. Rb1 {[%emt 0:01:34]} Nxd4 {[%emt 0:05:12]} 13. Nxd4 {[%emt 0:01:05]} a6 {[%emt 0:00:14]} 14. Be3 {[%emt 0:00:49]} Ne4 {[%emt 0:08:58]} 15. Re1 {[%emt 0:04:23]} Bb5 {[%emt 0:01:50]} 16. Qb3 {[%emt 0:05:10]} Nc5 {[%emt 0:09:58]} 17. Nxb5 {[%emt 0:01:37]} axb5 {[%emt 0:22:22]} 18. Bxb5+ {[%emt 0:00:52]} Kd8 {[%emt 0:02:43]} 19. Qb4 {[%emt 0:00:59]} Qc7 {[%emt 0:02:03]} 20. Qd4 {[%emt 0:01:14]} Ne4 {[%emt 0:03:52]} 21. Rbd1 {[%emt 0:01:39]} Bc5 {[%emt 0:00:57]} 22. Qxe4 {[%emt 0:00:26]} Ke7 {[%emt 0:01:31]} 23. Qd3 {[%emt 0:00:16]} Qb6 {[%emt 0:00:34]} 24. a4 {[%emt 0:00:17]} Bxe3+ {[%emt 0:02:47]} 25. Qxe3 {[%emt 0:00:04]} Qxe3+ {[%emt 0:00:20]} 26. Rxe3 {[%emt 0:00:04]} 1-0

[Event "FRA-ch Youth U16 2019"]
[Site "Hyeres"]
[Date "2019.04.16"]
[Round "4.3"]
[White "Ciccoli, Theo"]
[Black "Defromont, Benjamin"]
[Result "1/2-1/2"]
[WhiteElo "2177"]
[BlackElo "2200"]
[Annotator "NA"]
[PlyCount "72"]
[EventDate "2019.04.14"]
[EventType "swiss"]
[EventCountry "FRA"]
[SourceTitle "playchess.com"]
[Source "ChessBase"]
[SourceQuality "1"]
[TimeControl "5400+30"]

1. d4 {[%emt 0:00:00]} Nf6 {[%emt 0:00:00]} 2. Nf3 {[%emt 0:00:00]} e6 {[%emt 0:00:03]} 3. e3 {[%emt 0:00:00]} Be7 {[%emt 0:03:08]} 4. Bd3 {[%emt 0:00:31]} c5 {[%emt 0:02:20]} 5. O-O {[%emt 0:03:41]} O-O {[%emt 0:00:37]} 6. b3 {[%emt 0:02:34]} b6 {[%emt 0:00:25]} 7. Bb2 {[%emt 0:00:30]} Bb7 {[%emt 0:00:08]} 8. Nbd2 {[%emt 0:01:37]} Nc6 {[%emt 0:01:40]} 9. c4 {[%emt 0:02:16]} cxd4 {[%emt 0:03:05]} 10. exd4 {[%emt 0:00:10]} d5 {[%emt 0:00:17]} 11. Rc1 {[%emt 0:02:40]} Rc8 {[%emt 0:00:34]} 12. Bb1 {[%emt 0:05:03]} dxc4 {[%emt 0:17:08]} 13. bxc4 {[%emt 0:01:55]} Qd6 {[%emt 0:04:24]} 14. Nb3 {[%emt 0:10:08]} Rfd8 {[%emt 0:02:43]} 15. Qe2 {[%emt 0:04:08]} Qf4 {[%emt 0:03:55]} 16. Rfd1 {[%emt 0:05:19]} Bd6 {[%emt 0:08:55]} 17. Ne5 {[%emt 0:17:47]} Bb8 {[%emt 0:07:56]} 18. g3 {[%emt 0:05:56]} Qh6 {[%emt 0:02:30]} 19. Ng4 {[%emt 0:04:50]} Nxg4 {[%emt 0:00:27]} 20. Qxg4 {[%emt 0:00:02]} Ne7 {[%emt 0:06:09]} 21. f4 {[%emt 0:05:20]} Kh8 {[%emt 0:07:51]} 22. Qe2 {[%emt 0:02:28]} Ng8 {[%emt 0:05:27]} 23. Be4 {[%emt 0:00:46]} Bxe4 {[%emt 0:00:11]} 24. Qxe4 {[%emt 0:00:01]} Nf6 {[%emt 0:00:18]} 25. Qf3 {[%emt 0:00:35]} Qg6 {[%emt 0:02:31]} 26. d5 {[%emt 0:07:51]} exd5 {[%emt 0:04:20]} 27. cxd5 {[%emt 0:00:03]} Rxc1 {[%emt 0:00:10]} 28. Rxc1 {[%emt 0:03:26]} Qf5 {[%emt 0:01:28]} 29. Bxf6 {[%emt 0:04:13]} Qxf6 {[%emt 0:00:11]} 30. Qe4 {[%emt 0:00:25]} Bd6 {[%emt 0:01:50]} 31. Rc6 {[%emt 0:01:01]} h6 {[%emt 0:00:57]} 32. Nd4 {[%emt 0:00:40]} Qe7 {[%emt 0:01:47]} 33. Qxe7 {[%emt 0:02:54]} Bxe7 {[%emt 0:01:33]} 34. Nb3 {[%emt 0:00:02]} a5 {[%emt 0:03:53]} 35. a4 {[%emt 0:03:52]} Rxd5 {[%emt 0:04:49]} 36. Rxb6 {[%emt 0:00:02]} Bb4 {[%emt 0:01:53]} 1/2-1/2

[Event "FRA-ch Youth U16 2019"]
[Site "Hyeres"]
[Date "2019.04.16"]
[Round "4.4"]
[White "Dalaud, Dorian"]
[Black "Boulos, Carlos"]
[Result "0-1"]
[WhiteElo "2167"]
[BlackElo "2193"]
[Annotator "NA"]
[PlyCount "116"]
[EventDate "2019.04.14"]
[EventType "swiss"]
[EventCountry "FRA"]
[SourceTitle "playchess.com"]
[Source "ChessBase"]
[SourceQuality "1"]
[TimeControl "5400+30"]

1. e4 {[%emt 0:00:20]} e5 {[%emt 0:00:13]} 2. Nf3 {[%emt 0:01:01]} Nc6 {[%emt 0:00:19]} 3. d4 {[%emt 0:00:53]} exd4 {[%emt 0:00:43]} 4. Nxd4 {[%emt 0:00:29]} Bc5 {[%emt 0:00:23]} 5. Nb3 {[%emt 0:00:35]} Bb6 {[%emt 0:00:40]} 6. Nc3 {[%emt 0:00:44]} d6 {[%emt 0:00:43]} 7. a4 {[%emt 0:00:06]} a6 {[%emt 0:00:21]} 8. Nd5 {[%emt 0:04:08]} Ba7 {[%emt 0:00:08]} 9. Be2 {[%emt 0:00:47]} Nge7 {[%emt 0:02:04]} 10. Bg5 {[%emt 0:15:29]} O-O {[%emt 0:07:47]} 11. O-O {[%emt 0:15:13]} f6 {[%emt 0:03:44]} 12. Bh4 {[%emt 0:04:16]} Ng6 {[%emt 0:04:20]} 13. Bg3 {[%emt 0:00:19]} Kh8 {[%emt 0:04:39]} 14. Kh1 {[%emt 0:10:46]} Be6 {[%emt 0:11:28]} 15. Qd2 {[%emt 0:03:59]} Qd7 {[%emt 0:04:35]} 16. f4 {[%emt 0:05:54]} f5 {[%emt 0:03:29]} 17. exf5 {[%emt 0:02:03]} Bxf5 {[%emt 0:01:56]} 18. Bd3 {[%emt 0:00:57]} Nge7 {[%emt 0:08:03]} 19. Nxe7 {[%emt 0:05:21]} Qxe7 {[%emt 0:03:19]} 20. Rae1 {[%emt 0:03:14]} Qf6 {[%emt 0:01:14]} 21. Bxf5 {[%emt 0:04:35]} Qxf5 {[%emt 0:00:12]} 22. Bf2 {[%emt 0:00:04]} Qxf4 {[%emt 0:13:31]} 23. Bxa7 {[%emt 0:03:53]} Qxd2 {[%emt 0:01:32]} 24. Rxf8+ {[%emt 0:04:38]} Rxf8 {[%emt 0:00:07]} 25. Nxd2 {[%emt 0:00:03]} Nxa7 {[%emt 0:00:50]} 26. Re7 {[%emt 0:00:03]} Rc8 {[%emt 0:02:59]} 27. Nf3 {[%emt 0:06:16]} Nc6 {[%emt 0:03:15]} 28. Rd7 {[%emt 0:00:01]} Kg8 {[%emt 0:01:06]} 29. h4 {[%emt 0:00:25]} Nb8 {[%emt 0:05:27]} 30. Re7 {[%emt 0:00:32]} Kf8 {[%emt 0:01:17]} 31. Re3 {[%emt 0:00:16]} Re8 {[%emt 0:02:34]} 32. Rxe8+ {[%emt 0:00:23]} Kxe8 {[%emt 0:00:01]} 33. Ng5 {[%emt 0:00:08]} Ke7 {[%emt 0:01:11]} 34. Nxh7 {[%emt 0:00:49]} Nc6 {[%emt 0:00:58]} 35. Kg1 {[%emt 0:03:17]} Nd4 {[%emt 0:01:39]} 36. c3 {[%emt 0:02:00]} Ne6 {[%emt 0:00:06]} 37. Kf2 {[%emt 0:02:24]} Kf7 {[%emt 0:00:31]} 38. Ke3 {[%emt 0:00:58]} Kg6 {[%emt 0:00:51]} 39. Ng5 {[%emt 0:00:05]} Nxg5 {[%emt 0:00:09]} 40. hxg5 {[%emt 0:00:05]} Kxg5 {[%emt 0:00:04]} 41. a5 {[%emt 0:00:39]} Kg4 {[%emt 0:04:41]} 42. Ke4 {[%emt 0:00:34]} Kg3 {[%emt 0:00:37]} 43. Kf5 {[%emt 0:00:01]} Kxg2 {[%emt 0:00:08]} 44. Kg6 {[%emt 0:00:04]} Kf3 {[%emt 0:00:06]} 45. Kxg7 {[%emt 0:00:16]} Ke4 {[%emt 0:00:17]} 46. Kf6 {[%emt 0:00:05]} Kd3 {[%emt 0:01:55]} 47. Ke6 {[%emt 0:00:35]} Kc2 {[%emt 0:00:19]} 48. Kd7 {[%emt 0:00:38]} b5 {[%emt 0:01:32]} 49. b4 {[%emt 0:03:36]} Kxc3 {[%emt 0:01:09]} 50. Kxc7 {[%emt 0:00:08]} Kxb4 {[%emt 0:00:35]} 51. Kb6 {[%emt 0:00:19]} d5 {[%emt 0:01:29]} 52. Kxa6 {[%emt 0:00:15]} d4 {[%emt 0:00:09]} 53. Kb6 {[%emt 0:00:03]} d3 {[%emt 0:00:09]} 54. a6 {[%emt 0:00:04]} d2 {[%emt 0:00:10]} 55. a7 {[%emt 0:00:12]} d1=Q {[%emt 0:00:10]} 56. a8=Q {[%emt 0:00:20]} Qd6+ {[%emt 0:00:22]} 57. Ka7 {[%emt 0:00:14]} Qc7+ {[%emt 0:00:13]} 58. Ka6 {[%emt 0:00:08]} Qa5+ {[%emt 0:06:31]} 0-1